000 00753nas a2200229 i 4500
001 1278
003 ES-MaACL
005 20250217134121.0
007 t|
008 950801c1974 ja | | 1 ||ng d
080 _a52
245 0 0 _aJapan echo
_b: a quarterly journal of opinion dedicated to fostering deeper mutual understanding through improved communication /
_ced. Yoshihiko Seki.
260 _aTokio :
_bToppan Printing,
_c1974-
300 _a6 v. :
_bgrab. ;
_c27 cm.
310 _aTrimestral
362 0 _aVol. 1, n° 1 (1974)-
650 1 4 _aRevistas de información general.
_916896
700 1 _aSeki, Yoshihiko.
_9105282
852 _aES-MaACL
_jHEM-H-326
_xHem-1528
_d
866 0 _o(1975f.n.1-3)1976(1977).
999 _c1278
_d1278